Principles of mathematical modeling /
Guardado en:
| Autor Principal: | |
|---|---|
| Formato: | Libro |
| Idioma: | English |
| Publicado: |
Amsterdam :
Elsevier Academic Press,
c2004.
|
| Edición: | 2nd ed. |
| Materias: | |
| Acceso en línea: | Table of contents Publisher description |
| Etiquetas: |
Agregar Etiqueta
Sin Etiquetas, Sea el primero en etiquetar este registro!
|
| LEADER | 00898cam a2200241 a 4500 | ||
|---|---|---|---|
| 001 | MAT.inmabb004792 | ||
| 008 | 040316s2004####ne#a#####b####001#0#eng## | ||
| 005 | 20160210120047.0 | ||
| 245 | 1 | 0 | |a Principles of mathematical modeling / |c Clive L. Dym. |
| 250 | |a 2nd ed. | ||
| 260 | |a Amsterdam : |b Elsevier Academic Press, |c c2004. | ||
| 300 | |a xviii, 303 p. : |b il. ; |c 24 cm. | ||
| 504 | |a Incluye referencias bibliográficas e índice. | ||
| 510 | 4 | |a Zbl, |c 1057.00008 | |
| 020 | |a 0122265513 | ||
| 100 | 1 | |a Dym, Clive L. | |
| 650 | 0 | |a Mathematical models. | |
| 084 | |a 00A71 (01-01 00A69 00A73 41A10 62-99 65D10) |2 msc2000 | ||
| 010 | |a 2004046996 | ||
| 040 | |a DLC |c DLC |d DLC | ||
| 856 | 4 | 1 | |3 Table of contents |u http://www.loc.gov/catdir/toc/els051/2004046996.html |
| 856 | 4 | 2 | |3 Publisher description |u http://www.loc.gov/catdir/description/els051/2004046996.html |
| 859 | |h 00A71 |i D997 |p A-8491 |b BIB. MATEMATICA | ||
